000 02227nam a2200277 a 4500
001
003 DO-SdBNP
005 20211001083158.0
008 081124s2002 dr ac 001 f spa d
020 _a9789993432180
040 _aDO-SdBNP
_bspa
_cBPMSU
082 _aRD863.44
_bD542c 2000
_2 22
100 1 _aDíaz Grullón, Virgilio,
_d1924-2001
245 1 0 _aCuentos completos /
_cVirgilio Díaz Grullón ; prólogo Ángela Hernández
260 _aSanto Domingo :
_bCole,
_c2002.
300 _a312 p. :
_bil., retrs. ;
_c23 cm.
500 _aIncluye datos biográficos del autor en la solapa de la cubierta
505 0 _tPrólogo de Ángela Hernández --
_tOpiniones sobre el ser humano y el escritor --
_tUn encuentro con Virgilio Díaz Grullón --
_tCronología de Virgilio Díaz Grullón --
_tRatones --
_tEdipo --
_tEl pozo sin fondo --
_tJornada completa --
_tCaín --
_tCacería --
_tEl reloj --
_tMartillazos en la noche --
_tVecindad --
_tPesadilla --
_tLa puntualidad del señor Martínez --
_tFiebre --
_tCírculo --
_tEl corcho sobre el río --
_tEl pequeño culpable --
_tDos pesos para Cirilo --
_tMás allá del espejo --
_tUn epitafio para don Justo --
_tSu amigo Arcadio --
_tRetorno --
_tA través del muro --
_tCrónica policial --
_tLa campana rota --
_tBiografía de un suicida --
_tDoble personalidad --
_tÍcaro --
_tEl diario inconcluso --
_tVertiginoso tiempo --
_tLa verdadera pesadilla --
_tLa mutación --
_tViaje al microcosmos --
_tPunto de vista --
_tEl uno y el otro --
_tLa trampa --
_tEl cuento sin título --
_tFalso embarazo --
_tLa pareja --
_tLa broma póstuma --
_tLa invasión --
_tEl maleficio --
_tParéntesis folclórico --
_tLa resignada inmortalidad de don Cástulo --
_tEl aprendiz de brujo --
_tPas de Deux --
_tMás allá del espejo --
_tLa enemiga --
_tEl delicioso --
_tLa única verídica versión de la muerte de Johnny Watson relatada por él mismo --
_tCatatónico --
_tMatum --
_tLa culebra --
_tEl niño preguntón --
_tLegalismo.
590 _aInventariado, 2019/VM
600 1 4 _aDíaz Grullón, Virgilio
_d1924-2001
_xHitorias y crítica
650 4 _aCuentos dominicanos
_vColecciones
650 4 _aLiteratura dominicana.
700 _aHernández, Ángela
_epról.
910 _aVMateo V.
942 _2ddc
_cBK
999 _c13744
_d13744